| 000 | 01133aab a2200181 i 4500 | ||
|---|---|---|---|
| 001 | 768714001 | ||
| 003 | CO-MdFUSB | ||
| 005 | 20240321131246.0 | ||
| 008 | 240321t1991 ag ||||| |||| 00| 0 spa d | ||
| 040 |
_cCO-MdFUSB _bspa |
||
| 100 | 1 |
_aBreneman, Mervin (1930-) _eautor |
|
| 245 | 1 | 3 |
_aLa ética del Antiguo Testamento (5) : _bel día de reposo _c/ Mervin Breneman |
| 300 |
_aVolumen 10, número 4 (octubre - diciembre, 1991), páginas: 14 -16 _c; 27 cm |
||
| 520 | _aEl Decálogo indica los principios morales de Dios válidos en todas las épocas. Muestra cuál es la voluntad de Dios en todo tiempo. A la vez, el Nuevo Testamento hacer claro que nuestra salvación de ninguna manera depende del cumplimiento de las leyes. Nuestra vida adquiere un sentido erróneo cuando las cosas del espacio se convierten en nuestra principal preocupación. Los cristianos observan un día del Señor y reconocen que el cumplimiento de su descanso es todavía futuro. | ||
| 653 | _aMandamientos | ||
| 773 | 0 |
_tIglesia y Misión _049402 _959664 _gVolumen 10, número 4 (octubre - diciembre, 1991), páginas: 14 -16 _qpáginas: 14 |
|
| 942 | _cANA | ||
| 999 |
_c51936 _d51936 |
||